Capitals of Caribbean countries and territories - Statistics

General Stats
  • This quiz has been taken 164 times
  • The average score is 20 of 30
Answer Stats
Hint Answer % Correct
Cuba Havana
96%
Bahamas Nassau
96%
Haiti Port-au-Prince
93%
Barbados Bridgetown
91%
Jamaica Kingston
91%
Saint Vincent and the Grenadines Kingstown
91%
Dominican Republic Santo Domingo
89%
Saint Kitts and Nevis Basseterre
85%
Guadeloupe Basse-Terre
85%
Trinidad and Tobago Port of Spain
85%
Grenada Saint George's
84%
Dominica Roseau
82%
Antigua and Barbuda Saint John's
82%
Saint Lucia Castries
73%
Puerto Rico San Juan
73%
Cayman Islands George Town
60%
Aruba Oranjestad
60%
Sint Eustatius Oranjestad
60%
Curaçao Willemstad
60%
Martinique Fort-de-France
53%
Anguilla The Valley
51%
US Virgin Islands Charlotte Amalie
49%
Montserrat Plymouth
49%
British Virgin Islands Road Town
47%
Turks and Caicos Islands Cockburn Town
45%
Saint Barthélemy Gustavia
42%
Saba The Bottom
40%
Saint Martin Marigot
38%
Sint Maarten Philipsburg
36%
Bonaire Kralendijk
35%
No matching quizzes found
Score Distribution
Percent of People with Each Score
Percentile by Number Answered
Your Score History
You have not taken this quiz